Software Egineering

Saved in:
Bibliographic Details
Main Author: Sommerville, Ian
Format: Book
Language:English
Published: Wokingham Addison-Wesley Pub. Co. 1989
Edition:3. ed.
Tags: Add Tag
No Tags, Be the first to tag this record!

MARC

LEADER 00000nam a2200000 4500
001 c040593
005 20221215114436.1
041 0 |a eng 
044 |a US 
245 1 0 |a Software Egineering  |c Ian Sommerville 
250 |a 3. ed. 
264 1 |a Wokingham  |b Addison-Wesley Pub. Co.  |c 1989 
300 |a 653 s. 
100 1 |a Sommerville, Ian